000 00325nam a2200121Ia 4500
008 240624s9999 xx 000 0 und d
041 _aeng
082 _a060 MAH
100 _aMAHESHWARAN S
245 _aROLE OF MANAGEMENT SCIENCE IN DECISION M
260 _c2009
_aNew Delhi
_bExcel Books
300 _ax, : 534 : p. : cm. ; 24
999 _c17040
_d17040